000 00781nam a2200253Ia 4500
003 OSt
005 20220926005814.0
006 a|||||r|||| 00| 0
007 ta
008 220923b |||||||| |||| 00| 0 eng d
020 _a9788171949526
_c233.75
037 _b5431, 05/03/2014, Indraprastha Books
_cGeneral Book
040 _aRTL
_cRTL
_beng
041 _2eng
_aeng
082 _aX64:8, Q1
100 _aRUSTAGI R P
245 0 _aTAXMANN'S WORKING capital mangement
260 _a New Delhi
_bTaxmann
_c2011
300 _a285p
_ccm.
490 _aInternational Encyclopaedia of Professional Management Series
650 _aCommerce
942 _hX64:8, Q1
_cGB
_2CC
999 _c615310
_d615310